Statistics for Top 15 English goal scorers in Champions League

Click here to take the quiz!

General Stats

  • This quiz has been taken 2,287 times
  • The average score is 12 of 15

Answer Stats

PositionPlayerGoalsFor Which clubs% Correct
FWWayne Rooney27Manchester United
97%
MDFrank Lampard23Chelsea
97%
MDSteven Gerrard21Liverpool
96%
MDPaul Scholes24Manchester United
93%
FWMichael Owen11Liverpool, Real Madrid, Manchester United
91%
MDDavid Beckham16Manchester United, Real Madrid
90%
FWAlan Shearer7Blackburn, Newcastle
89%
DFJohn Terry10Chelsea
85%
MDJoe Cole6Chelsea
84%
FWAndrew Cole18Manchester United
83%
FWTeddy Sheringham9Manchester United
59%
FWDany Welbeck7Manchester United, Arsenal
58%
FWAlan Smith6Leeds, Manchester United
56%
FWTheo Walcott9Arsenal
53%
FWPeter Crouch13Liverpool, Tottenham
52%

Score Distribution

Percentile by Number Answered

Percent of People with Each Score

Your Score History

You have not taken this quiz